Alle Hauptstädte Afrikas (mit Hinweis) - Statistiken

Allgemein
  • Dieses Quiz wurde 119 mal gespielt
  • Das Durchschnittsergebnis liegt bei 25 aus 54
Antwortstatistiken
Land Hauptstadt % Korrekt
Algerien Algier
90%
Ägypten Kairo
87%
Tunesien Tunis
80%
Südafrika Kapstadt
73%
Marokko Rabat
70%
Äthiopien Addis Abeba
67%
Sierra Leone Freetown
67%
Kenia Nairobi
67%
Dschibuti Dschibuti
63%
Namibia Windhoek
63%
Guinea-Bissau Bissau
60%
Senegal Dakar
57%
Angola Luanda
57%
Burkina Faso Ouagadougou
57%
São Tomé und Príncipe São Tomé
57%
Libyen Tripolis
57%
Ghana Accra
53%
Demokratische Republik Kongo Kinshasa
53%
Madagskar Antananarivo
50%
Kamerun Jaunde
47%
Togo Lomé
47%
Mauritius Port Louis
47%
Seychellen Victoria
47%
Guinea Conakry
43%
Simbabwe Harare
43%
Uganda Kampala
43%
Gabun Libreville
43%
Somalia Mogadischu
43%
Eritrea Asmara
40%
Republik Kongo Brazzaville
40%
Tansania Dodoma
40%
Botswana Gaborone
40%
Sudan Khartum
40%
Liberia Monrovia
40%
Tschad N'Djamena
40%
Kap Verde Praia
40%
Elfenbeinküste Yamoussoukro
40%
Nigeria Abuja
37%
Mali Bamako
37%
Gambia Banjul
37%
Niger Niamey
37%
Mauretanien Nouakchott
37%
Zentralafrikanische Republik Bangui
33%
Südsudan Juba
33%
Sambia Lusaka
33%
Eswatini Mbabane
33%
Benin Porto-Novo
33%
Malawi Lilongwe
30%
Mosambik Maputo
30%
Ruanda Kigali
27%
Lesotho Maseru
27%
Burundi Gitega
23%
Äquatorialguinea Malabo
23%
Komoren Moroni
20%
Keine übereinstimmenden Quizze gefunden
Verteilung der Resultate
Anzahl Personen mit jedem Resultat
Perzentil nach korrekt beantworteten Fragen
Ihre Resultats-Entwicklung
Sie haben dieses Quiz noch nicht gespielt